000 00750nam a2200253Ia 4500
003 OSt
005 20220928113620.0
006 a|||||r|||| 00| 0
007 ta
008 220927b |||||||| |||| 00| 0 eng d
020 _c5816.8500000000004
024 _a116619
037 _b133, 06/09/2012, Classic Book Service
_cTextual
040 _aSDCL
_cSDCL
_beng
041 _2eng
_aeng
082 _aR3xL12:g(W6), Q0
100 _aInston Kevin
_9434054
245 0 _aRousseau and radical democracy.
260 _aNew York
_b Continuum
_c2010
300 _avii,226p
_ccm.
650 _aPhilosophy
942 _hR3xL12:g(W6), Q0
_cTEXL
_2CC
999 _c750445
_d750445